000 00947nam a2200241 i 4500
003 IT-RoINE
005 20200117060015.0
008 050425s2005 sp | r o||| ||spa d
020 _a8489518947
040 _aSpMaBN
_bspa
_cIT-RoINE
_erdc
100 1 _aGonzález Marrero, María del Cristo
_911657
245 1 3 _aLa casa de Isabel la Católica :
_bespacios domésticos y vida cotidiana /
_cMaría del Cristo González Marrero.
260 _aÁvila :
_bInstitución Grand Duque de Alba,
_c2005.
300 _a414 p. :
_bil. ;
_c24 cm.
336 _2rdacontent
_atext
337 _2rdamedia
_aunmediated
338 _2rdacarrier
_avolume
504 _aBibliografía: p. 347-364
600 0 4 _911658
_aIsabel
_bI,
_cReina de España,
_d1451-1504
_xResidencias y lugares familiares
651 4 _aEspaña
_xHistoria
_y1474-1516 (Reyes Católicos)
_95044
651 4 _aEspaña
_xCorte y cortesanos
_xHistoria
_y1474-1516 (Reyes Católicos)
_965988
942 _cMTS
999 _c5477
_d5477